| 000 | 00788nam a2200181Ia 4500 | ||
|---|---|---|---|
| 008 | 151018s9999 xx 000 0 und d | ||
| 082 |
_bRBASDV24517 _a891.463 |
||
| 100 | _aसंजीवनी चवंडके | ||
| 245 | _aधर्मवीर डॉ.बाळकृष्ण शिवराम मुंजे | ||
| 250 | _b1 | ||
| 260 |
_bभारत भारती बाल पुस्तकमाला _c1987 |
||
| 300 | _a48 | ||
| 600 | _aसंजीवनी चवंडके | ||
| 630 | _aधर्मवीर डॉ.बाळकृष्ण शिवराम मुंजे | ||
| 700 | _aसंजीवनी चवंडके | ||
| 730 | _aधर्मवीर डॉ.बाळकृष्ण शिवराम मुंजे | ||
| 942 | _cBOOK | ||
| 999 |
_c1024161 _d1024158 |
||